00596nam a2200205Ia 4500003000900000008004100009040001300050040001300063041000800076100002100084245002600105260002100131260000900152300000800161490001200169490000700181942000700188999001300195952018200208IT-RoPAU120407s9999 xx 000 0 und d aIT-RoPAU cIT-RoPAU aita aHenry Siekiewicz aIl guardiano sel faro aEdizioni Paoline c1959 c cm aMaestri v75 cBK c185d185 00102ddc406808_97500000000000071aPAULUSbPAULUSd2012-04-11l0o808.975r2012-04-11 00:00:00w2012-04-11yBKzInserito da: In data: n.d. fondo: Via A.Severo 56 Progr:12874